01253nam a2200241 a 4500001001000000003000900010005001700019007000300036008004100039040002600080082003300106110002700139240002600166245010400192250001200296260006400308300002000372505044300392650002500835650008000860651000600940710006500946000005381DO-SdBNP20220331074758.0ta090819s2002 dr r 001 0 spa d aDO-SdBNPbspacBPMSU  4a346.72930134bR426L 20022222 aRepública Dominicana aLeyes, decretos, etc.10aLey 24-97 :bsobre violencia intrafamiliar /cpresentación Yadira Henríquez de Sánchez Baret. a6a. ed. aSanto Domingo :bSecretaría de Estado de la Mujer,c2002. a53 p. ;c22 cm. aLas agresiones sexuales 20 -- Otras agresiones sexuales 23 -- Atentados contra la personalidad y la dignidad de la persona 26 -- De los atentados a niños, niñas y adolescentes. Atentados a la filiación 30 -- Abandono y maltrato de niños, niños y adolescentes 32 -- Secuestro, traslado, ocultamiento de niños, niñas y adolescentes 26 -- Atentados al ejercicio de la autoridad del padre y la madre 35 -- Abandono de familia 40 4aDerechos de la mujer 4aLey no. 24-97 xViolencia conyugalxLegislación zRepública Dominicana  a 2 a Secretaría de Estado de la Mujer (República Dominicana)